[Event "Championnat de France 2022"]
[Site "ALBI, France"]
[Date "2022.08.13"]
[Round "1.1"]
[White "Debaux, Herve"]
[Black "Dabadie, Benoit"]
[Result "0-1"]
[WhiteElo "1662"]
[BlackElo "1799"]
[PlyCount "136"]
[EventDate "2022.??.??"]

1. d4 {3} d5 {13} 2. c4 {10} e6 {6} 3. Nc3 {36} c6 {6} 4. Nf3 {67} Bb4 {16} 5.
Qc2 {449} Nf6 {118} 6. Bg5 {212} h6 {105} 7. Bxf6 {144} Qxf6 {204} 8. e4 {225}
Qg6 {624} 9. O-O-O {657} Bxc3 {51} 10. Qxc3 {142} dxe4 {62} 11. Nd2 {432} Nd7 {
240} 12. g3 {436} f5 {247} 13. c5 {298} Nf6 {287} 14. Nc4 {87} O-O {394} 15.
Ne5 {110} Qg5+ {45} 16. Kb1 {10} Nd5 {9} 17. Qc2 {136} e3 {931} 18. f4 {27} Qd8
{235} 19. Bc4 {166} Nb4 {313} 20. Qc3 {72} a5 {22} 21. a3 {104} Nd5 {172} 22.
Bxd5 {114} e2 {21} 23. Rd2 {332} Qxd5 {34} 24. Re1 {12} Qe4+ {236} 25. Ka1 {43}
Rd8 {61} 26. Rexe2 {65} Qh1+ {24} 27. Ka2 {30} a4 {325} 28. Rg2 {184} Qe1 {862}
29. Rge2 {73} Qh1 {18} 30. Nf3 {116} Qf1 {19} 31. h4 {245} b5 {48} 32. cxb6 {
176} Ba6 {19} 33. Re1 {127} Qc4+ {118} 34. Ka1 {174} Rab8 {29} 35. Ne5 {78}
Qxc3 {36} 36. bxc3 {2} Rxb6 {19} 37. Rb2 {166} Rxb2 {44} 38. Kxb2 Rb8+ {73} 39.
Kc2 {182} Rb3 {14} 40. Ra1 {34} Bc8 {234} 41. Nxc6 {60} Bb7 {20} 42. Ne5 {193}
Be4+ {44} 43. Nd3 {53} Kf7 {52} 44. Kd2 {12} Kf6 {273} 45. Nc5 {31} Rb2+ {12}
46. Ke3 {13} Bc6 {18} 47. c4 {447} Rg2 {129} 48. d5 {120} exd5 {10} 49. cxd5 {2
} Rxg3+ {32} 50. Kd4 {14} Be8 {157} 51. d6 {218} Bc6 {117} 52. d7 {41} Bxd7 {80
} 53. Nxd7+ {2} Ke7 {19} 54. Nc5 {43} Kd6 {5} 55. Nxa4 {39} Rf3 {35} 56. Rd1 {
43} Rxa3 {42} 57. Nb6 {13} Rh3 {276} 58. Rg1 {72} Rxh4 {22} 59. Rg6+ {51} Ke7 {
43} 60. Ke5 {104} Kf7 {24} 61. Nd5 {73} Kxg6 {41} 62. Ne7+ {48} Kf7 {29} 63.
Nxf5 {24} Rh5 {17} 64. Ke4 {9} Kf6 {42} 65. Ng3 {44} Ra5 {36} 66. Kd4 {17} h5 {
35} 67. Ke4 {64} h4 {28} 68. Ne2 {15} Ra3 {22} 0-1

[Event "Championnat de France 2022"]
[Site "ALBI, France"]
[Date "2022.08.13"]
[Round "1.2"]
[White "Goyer, Lionel"]
[Black "Haanappel, Evert"]
[Result "1/2-1/2"]
[WhiteElo "1799"]
[BlackElo "1658"]
[PlyCount "93"]
[EventDate "2022.??.??"]

1. d4 {5} Nf6 {10} 2. Nf3 {7} g6 {58} 3. Bf4 {31} Bg7 {42} 4. c3 {27} O-O {47}
5. Nbd2 {22} d5 {179} 6. e3 {28} Nbd7 {108} 7. Be2 {93} c5 {326} 8. O-O {74}
Re8 {662} 9. Ne5 {92} Nxe5 {690} 10. Bxe5 {97} Qb6 {88} 11. Qb3 {310} Bg4 {660}
12. Nf3 {470} e6 {647} 13. h3 {193} Bxf3 {92} 14. Bxf3 {214} Nd7 {114} 15. Bg3
{44} Qxb3 {119} 16. axb3 {8} cxd4 {13} 17. exd4 {9} a6 {171} 18. Ra5 {162} Bf6
{430} 19. Rfa1 {213} Bd8 {37} 20. R5a2 {52} Bf6 {57} 21. b4 {16} Nb6 {119} 22.
Bc7 {445} Bd8 {132} 23. Bf4 {209} Bf6 {109} 24. Kf1 {60} Rec8 {265} 25. Be2 {62
} Kf8 {223} 26. Bd3 {344} Ke7 {63} 27. g4 {46} g5 {419} 28. Bg3 {65} h6 {12}
29. Re1 {57} Kd7 {16} 30. Kg2 {470} Be7 {259} 31. Re2 {250} Rf8 {50} 32. f4 {42
} gxf4 {44} 33. Bxf4 {7} Bg5 {11} 34. Bg3 {73} Nc4 {82} 35. Bxc4 {304} dxc4 {10
} 36. Ra5 {16} b5 {47} 37. Ra1 {29} f5 {77} 38. gxf5 {153} Rxf5 {10} 39. Rae1 {
18} Re8 {32} 40. h4 {121} Bf6 {43} 41. Rf2 {99} Rxf2+ {312} 42. Kxf2 {41} Rg8 {
105} 43. Re4 {41} h5 {58} 44. Kf3 {128} Rf8 {51} 45. Rf4 {218} Bg7 {83} 46.
Rxf8 {46} Bxf8 {15} 47. Ke4 {8} 1/2-1/2

[Event "Championnat de France 2022"]
[Site "ALBI, France"]
[Date "2022.08.13"]
[Round "1.3"]
[White "Dimey-Gabert, Quentin"]
[Black "Faugerolle, Nicolas"]
[Result "1-0"]
[WhiteElo "1653"]
[BlackElo "1796"]
[PlyCount "99"]
[EventDate "2022.??.??"]

1. d4 {2} d5 {14} 2. c4 {7} c6 {7} 3. cxd5 {4} cxd5 {19} 4. Nc3 {157} Nf6 {39}
5. Bf4 {7} e6 {235} 6. e3 {6} Bd6 {78} 7. Bxd6 {9} Qxd6 {13} 8. Bd3 {4} Nbd7 {
346} 9. f4 {13} a6 {239} 10. Nf3 {7} O-O {662} 11. O-O {36} b5 {297} 12. Ne5 {
175} Bb7 {267} 13. Qf3 {520} Nb6 {784} 14. g4 {157} b4 {172} 15. g5 {331} Nfd7
{752} 16. Ne2 {160} f5 {261} 17. Qh5 {410} Nxe5 {261} 18. fxe5 {22} Qe7 {91}
19. Nf4 {89} Qe8 {306} 20. Qh4 {104} g6 {77} 21. Rf3 {50} Rc8 {299} 22. Rh3 {23
} Rc7 {63} 23. Qe1 {52} Qe7 {273} 24. Rg3 {45} Rfc8 {62} 25. h4 {86} Nd7 {41}
26. h5 {52} Nf8 {26} 27. hxg6 {19} hxg6 {38} 28. Qf1 {110} Qe8 {330} 29. Rh3 {
127} Rh7 {29} 30. Rxh7 {31} Nxh7 {13} 31. Qh3 {211} Rc7 {73} 32. Kf2 {49} Nf8 {
21} 33. Rh1 {37} Rh7 {8} 34. Qf1 {40} Rxh1 {4} 35. Qxh1 {3} Qe7 {30} 36. Qg2 {
175} Kg7 {75} 37. Qg3 {193} Nh7 {38} 38. Qh4 {436} Nxg5 {74} 39. Kg2 {100} Kf7
{15} 40. Qh6 {33} Ke8 {69} 41. Nxg6 {226} Nf7 {53} 42. Qg7 {191} Qg5+ {57} 43.
Kf1 {26} Nh6 {76} 44. Qf8+ {59} Kd7 {6} 45. Qd6+ {60} Ke8 {32} 46. Qxe6+ {15}
Kd8 {18} 47. Qd6+ {77} Ke8 {15} 48. e6 {153} Qxg6 {27} 49. Qd7+ {2} Kf8 {25}
50. e7+ {10} 1-0

[Event "Championnat de France 2022"]
[Site "ALBI, France"]
[Date "2022.08.13"]
[Round "1.4"]
[White "Mania, Clement"]
[Black "Maurel, Christophe"]
[Result "1-0"]
[WhiteElo "1793"]
[BlackElo "1651"]
[PlyCount "81"]
[EventDate "2022.??.??"]

1. e4 {13} e6 {36} 2. d3 {90} d5 {40} 3. Nd2 {88} Nf6 {150} 4. f4 {175} c5 {195
} 5. c3 {47} Nc6 {240} 6. Qf3 {52} b5 {1184} 7. g4 {512} d4 {599} 8. Ne2 {404}
e5 {231} 9. f5 {122} h5 {331} 10. gxh5 {605} Nxh5 {164} 11. cxd4 {224} Nb4 {409
} 12. Kd1 {583} cxd4 {152} 13. a3 {493} Nc6 {221} 14. b3 {653} Bb7 {361} 15.
Ng3 {233} Nxg3 {256} 16. hxg3 {31} Rxh1 {33} 17. Qxh1 {20} Ne7 {160} 18. Qh2 {
71} Rc8 {66} 19. Bb2 {226} Qd6 {298} 20. Be2 {55} g6 {120} 21. g4 {12} gxf5 {35
} 22. gxf5 {15} Bh6 {62} 23. Rc1 {37} Rxc1+ {75} 24. Bxc1 {146} Nc6 {81} 25.
Qh4 {146} Na5 {71} 26. f6 {25} Bxd2 {31} 27. Bxd2 {19} Qxa3 {227} 28. Qh8+ {414
} Kd7 {15} 29. Bg4+ {10} Kc7 {58} 30. Bxa5+ {25} Qxa5 {44} 31. Qe8 {104} Qa1+ {
88} 32. Ke2 {163} Qb2+ {68} 33. Kf3 {15} Qxb3 {71} 34. Qxe5+ {24} Kb6 {49} 35.
Qxd4+ {17} Ka6 {37} 36. Qa1+ {59} Qa4 {61} 37. Qxa4+ {105} bxa4 38. Be6 {25}
fxe6 {201} 39. f7 {51} a3 {79} 40. f8=Q {56} a2 {1} 41. Qa3+ {55} 1-0

[Event "Championnat de France 2022"]
[Site "ALBI, France"]
[Date "2022.08.13"]
[Round "1.5"]
[White "Cochennec, Morgat"]
[Black "Manasyan, Garnik"]
[Result "1-0"]
[WhiteElo "1649"]
[BlackElo "1782"]
[PlyCount "103"]
[EventDate "2022.??.??"]

1. e4 {9} c5 {1} 2. c3 {7} Nc6 {28} 3. d4 {29} cxd4 {11} 4. cxd4 {11} d5 {21}
5. exd5 {181} Qxd5 {10} 6. Nf3 {77} Bg4 {517} 7. Nc3 {175} Qa5 {58} 8. Be3 {433
} e6 {38} 9. Be2 {292} Nf6 {64} 10. O-O {35} a6 {117} 11. h3 {624} Bh5 {28} 12.
a3 {130} Nd5 {157} 13. Bd2 {1123} Qd8 {89} 14. Re1 {265} Be7 {25} 15. Qb3 {379}
Na5 {353} 16. Qa2 {615} O-O {83} 17. Nxd5 {31} exd5 {7} 18. Ne5 {150} Bxe2 {63}
19. Rxe2 {3} Nc6 {17} 20. Bc3 {189} Bf6 {38} 21. Rae1 {116} Bxe5 {570} 22. dxe5
{5} d4 {339} 23. Bd2 {44} d3 {59} 24. Re4 {145} Nd4 {29} 25. R1e3 {177} Rc8 {
124} 26. Kf1 {183} Ne2 {293} 27. Qb3 {311} Rc1+ {163} 28. Bxc1 {14} Nxc1 {4}
29. Qd1 {17} d2 {42} 30. Re2 {125} Nxe2 {122} 31. Rxe2 {12} Qd5 {235} 32. Qxd2
{20} Qb5 {25} 33. Kg1 {209} Re8 {18} 34. Qe3 {72} g6 {97} 35. b4 {34} Qd5 {91}
36. Qe4 {72} Qb3 {197} 37. Re3 {10} Qd1+ {42} 38. Kh2 {11} Qd7 {58} 39. Rd3 {86
} Qc7 {62} 40. f4 {55} g5 {35} 41. Rg3 {64} f6 {47} 42. Qd5+ {1040} Kh8 {105}
43. exf6 {346} Qxf4 {566} 44. Qxg5 {112} Qxg5 {58} 45. Rxg5 {1} Rf8 {58} 46.
Rf5 {95} Rf7 {43} 47. Kg3 {38} h6 {9} 48. Kf4 {31} Kh7 {51} 49. Ke5 {41} Kg6 {
42} 50. Ke6 {70} b5 {21} 51. h4 {29} a5 {66} 52. h5+ {28} 1-0

[Event "Championnat de France 2022"]
[Site "ALBI, France"]
[Date "2022.08.14"]
[Round "2.1"]
[White "Dabadie, Benoit"]
[Black "Beaudoire, Gregoire"]
[Result "1/2-1/2"]
[WhiteElo "1799"]
[BlackElo "1676"]
[PlyCount "71"]
[EventDate "2022.??.??"]

1. Nf3 {270} c6 {141} 2. c4 {35} d5 {14} 3. b3 {14} Nf6 {79} 4. Bb2 {7} e6 {4}
5. d3 {9} Be7 {7} 6. Nbd2 {5} O-O {10} 7. g3 {5} Nbd7 {58} 8. Bg2 {11} c5 {262}
9. cxd5 {99} Nxd5 {41} 10. O-O {210} b6 {207} 11. Rc1 {269} Bb7 {175} 12. a3 {
395} Rc8 {102} 13. Rc2 {19} Bf6 {167} 14. Qa1 {170} Bxb2 {288} 15. Qxb2 {6} Qf6
{4} 16. Rfc1 {22} Qxb2 {649} 17. Rxb2 {5} Ne7 {601} 18. Nc4 {216} Bc6 {327} 19.
Nd6 {430} Rcd8 {946} 20. b4 {414} cxb4 {172} 21. Rxb4 {108} Bxf3 {22} 22. Bxf3
{681} Ne5 {81} 23. Nb5 {327} Nxf3+ {25} 24. exf3 {10} Rxd3 {68} 25. Nxa7 {204}
Rxa3 {27} 26. Nc6 {15} Nd5 {32} 27. Rb2 {119} Rxf3 {231} 28. Ne5 {53} Ra3 {368}
29. Nd7 {66} Rd8 {55} 30. Nxb6 {35} Nxb6 {16} 31. Rxb6 {11} h5 {9} 32. Rc2 {24}
h4 {158} 33. Kg2 {96} Rad3 {164} 34. Rb7 {108} hxg3 {16} 35. hxg3 {49} R3d7 {56
} 36. Rbb2 {41} 1/2-1/2

[Event "Championnat de France 2022"]
[Site "ALBI, France"]
[Date "2022.08.14"]
[Round "2.2"]
[White "Maurel, Jean-Louis"]
[Black "Mania, Clement"]
[Result "1-0"]
[WhiteElo "1687"]
[BlackElo "1793"]
[PlyCount "138"]
[EventDate "2022.??.??"]

1. d4 {42} d6 {45} 2. c4 {8} e5 {16} 3. dxe5 {175} dxe5 {43} 4. Qxd8+ {9} Kxd8
{24} 5. Nf3 {68} f6 {99} 6. e3 {218} Nd7 {188} 7. Nc3 {181} c6 {95} 8. b3 {411}
Kc7 {350} 9. Bb2 {21} Nh6 {25} 10. Be2 {19} a5 {15} 11. O-O {113} Nc5 {67} 12.
Ba3 {284} Nf7 {158} 13. Bxc5 {82} Bxc5 {131} 14. Rfd1 {74} b6 {110} 15. Ne1 {
1070} Be7 {79} 16. Nc2 {33} Be6 {62} 17. Rd2 {54} Rhd8 {27} 18. Rad1 {25} Bf5 {
103} 19. Bd3 {91} Bxd3 {283} 20. Rxd3 {9} Bb4 {201} 21. Rxd8 {52} Nxd8 {51} 22.
Ne4 {447} Be7 {26} 23. Nc3 {22} Ne6 {321} 24. Kf1 {201} Bb4 {296} 25. Ne4 {71}
Be7 {10} 26. Nc3 {54} Nc5 {579} 27. Ke2 {291} f5 {333} 28. f3 {96} g6 {56} 29.
Ne1 {88} Ne6 {665} 30. Nd3 {565} Rd8 {620} 31. Nxe5 {307} Bf6 {9} 32. f4 {71}
Rxd1 {101} 33. Kxd1 {44} Nc5 {104} 34. Kd2 {222} Bxe5 {90} 35. fxe5 {8} Kd7 {99
} 36. Ne2 {35} Ne4+ {170} 37. Kd3 {168} a4 {397} 38. b4 {108} c5 {122} 39. b5 {
24} Nf2+ {176} 40. Kd2 {235} Ng4 {119} 41. Nf4 {40} Nxe5 {12} 42. Kc3 {14} Kc7
{345} 43. Nd5+ {59} Kb7 {50} 44. h3 {41} Nf7 {227} 45. Nf6 {131} h6 {12} 46.
Nd5 {28} Ne5 {126} 47. Nf6 {115} Kc7 {33} 48. e4 {29} Kd6 {222} 49. exf5 {211}
gxf5 {11} 50. Nd5 {12} Nd7 {18} 51. Kd2 {51} Ke5 {37} 52. Ke3 {2} h5 {71} 53.
g3 {23} a3 {116} 54. h4 {48} Kd6 {375} 55. Kf4 {24} Ne5 {6} 56. Nxb6 {42} Nd3+
{9} 57. Kxf5 {34} Nc1 {20} 58. Na4 {52} Nxa2 {600} 59. g4 {9} Nc1 {23} 60. Nc3
{8} hxg4 {15} 61. Kxg4 {8} Ne2 {428} 62. Na2 {12} Ke6 {24} 63. Kg5 {139} Nd4 {
114} 64. Kg6 {29} Nf3 {157} 65. h5 {9} Ne5+ {4} 66. Kg7 {13} Nxc4 {89} 67. h6 {
14} Nd6 {12} 68. h7 {47} Ne8+ {33} 69. Kg6 {13} Kd5 {21} 1-0

[Event "Championnat de France 2022"]
[Site "ALBI, France"]
[Date "2022.08.14"]
[Round "2.3"]
[White "Calvo, Anthony"]
[Black "Maurel, Thibaud"]
[Result "1-0"]
[WhiteElo "1766"]
[BlackElo "1675"]
[PlyCount "112"]
[EventDate "2022.??.??"]

1. d4 {7} d5 {21} 2. c4 {19} e6 {34} 3. Nf3 {49} Nf6 {46} 4. g3 {369} c5 {596}
5. Bg2 {461} dxc4 {315} 6. O-O {112} Bd7 {890} 7. Bg5 {370} Bc6 {393} 8. Nc3 {
111} Be7 {213} 9. Re1 {313} cxd4 {471} 10. Nxd4 {334} Bxg2 {27} 11. Kxg2 {6}
Nbd7 {91} 12. e4 {165} O-O {222} 13. e5 {243} Nd5 {446} 14. Bxe7 {31} Qxe7 {55}
15. Nf5 {781} exf5 {698} 16. Nxd5 {70} Qc5 {62} 17. Rc1 {105} Rad8 {62} 18. Qf3
{70} Rfe8 {313} 19. b4 {221} Qc6 {56} 20. b5 {51} Qc5 {64} 21. Ne3 {89} Nxe5 {
174} 22. Qxf5 {51} g6 {86} 23. Qf6 {367} Nd3 {52} 24. Red1 {97} Rd6 {79} 25.
Ng4 {113} Rxf6 {318} 26. Nxf6+ {15} Kh8 {12} 27. Rxd3 {25} Re6 {42} 28. Rd8+ {
516} Kg7 {25} 29. Ne8+ {32} Kh6 {19} 30. Rcd1 {110} Qxb5 {135} 31. Nd6 {103}
Qc6+ {43} 32. Kg1 {9} Kg7 {9} 33. Nc8 {203} c3 {65} 34. Nxa7 {17} Qf3 {38} 35.
Nb5 {110} c2 {14} 36. Rf1 {75} Re2 {210} 37. Nd4 {135} Rxf2 {17} 38. Nxf3 {12}
Rxf1+ {8} 39. Kxf1 {32} c1=Q+ {4} 40. Kg2 {51} Qc2+ {38} 41. Rd2 {9} Qc6 {5}
42. Kf2 {11} h5 {89} 43. h4 {78} f6 {126} 44. Nd4 {50} Qc3 {131} 45. Nf3 {19}
g5 {12} 46. hxg5 {80} fxg5 {30} 47. Rd7+ {89} Kf6 {29} 48. Rxb7 {33} Qc2+ {47}
49. Kg1 {27} Qxa2 {16} 50. Rb6+ {27} Kf5 {166} 51. Rb5+ {11} Kg4 {8} 52. Ne1 {
203} Qe2 {203} 53. Rb4+ {19} Kh3 {67} 54. Rb1 {42} h4 {114} 55. gxh4 {15} g4 {
19} 56. h5 {56} g3 {8} 1-0

[Event "Championnat de France 2022"]
[Site "ALBI, France"]
[Date "2022.08.14"]
[Round "2.4"]
[White "Bourgoin, Cecile"]
[Black "Benouaret, Idir"]
[Result "1-0"]
[WhiteElo "1679"]
[BlackElo "1750"]
[PlyCount "117"]
[EventDate "2022.??.??"]

1. d4 {36} d5 {31} 2. Nf3 {6} Nf6 {6} 3. Bf4 {5} c6 {9} 4. e3 {13} Qb6 {24} 5.
b3 {566} Bg4 {79} 6. Bd3 {128} Nbd7 {65} 7. h3 {67} Bh5 {113} 8. Nbd2 {99} e6 {
64} 9. a3 {125} c5 {298} 10. O-O {123} Rc8 {197} 11. c4 {394} Qd8 {1008} 12.
Qe1 {151} Be7 {284} 13. e4 {1039} dxe4 {709} 14. Bxe4 {65} Nxe4 {48} 15. Qxe4 {
17} b6 {259} 16. Rfe1 {625} Bg6 {225} 17. Qe3 {112} cxd4 {355} 18. Nxd4 {70}
O-O {217} 19. N2f3 {407} Bc5 {301} 20. Rad1 {46} Qe8 {387} 21. b4 {64} Bxd4 {
223} 22. Rxd4 {11} Kh8 {472} 23. Red1 {152} Nf6 {65} 24. Bd6 {33} Rg8 {42} 25.
Ne5 {69} Bf5 {212} 26. g4 {46} Bg6 {33} 27. g5 {128} Nh5 {59} 28. Nxg6+ {82}
fxg6 {92} 29. Re4 {49} Qf7 {45} 30. Rxe6 {89} Rxc4 {60} 31. Re7 {155} Qf5 {19}
32. Re8 {28} Rc8 {80} 33. Rxg8+ {224} Rxg8 34. Rd4 {203} Qb1+ {73} 35. Kh2 {64}
Qf5 {13} 36. Re4 {35} Qd5 {78} 37. Be5 {77} Qf7 {79} 38. Bd4 {133} Qc7+ {90}
39. Kg1 {55} Qc6 {144} 40. Re6 {41} Qa4 {35} 41. Re5 {143} Qc6 {560} 42. b5 {
176} Qc4 {426} 43. Bc3 {531} Qc8 {432} 44. a4 {109} Nf4 {305} 45. Kh2 {38} Nh5
{27} 46. Bb2 {53} Qc7 {20} 47. Kg1 {19} Qd8 {102} 48. Re7 {71} Qd1+ {48} 49.
Kg2 {39} Qxa4 {37} 50. Qe5 {85} Qa2 {126} 51. Re8 {162} Qf7 {44} 52. Rxg8+ {207
} Qxg8 {12} 53. Qc7 {31} Qa8+ {52} 54. f3 {19} Kg8 {27} 55. Be5 {22} a6 {33}
56. bxa6 {146} Qxa6 {33} 57. Qd8+ {10} Kf7 {17} 58. Qd7+ {3} Kf8 {44} 59. Bd6+
{Qa5 10 136} 1-0

[Event "Championnat de France 2022"]
[Site "ALBI, France"]
[Date "2022.08.14"]
[Round "2.5"]
[White "Lupoglazoff, Maxime"]
[Black "Choiset, Arthur"]
[Result "0-1"]
[WhiteElo "1678"]
[BlackElo "1746"]
[PlyCount "54"]
[EventDate "2022.??.??"]

1. Nf3 {2} Nf6 {46} 2. b3 {18} g6 {74} 3. Bb2 {82} Bg7 {39} 4. e3 {38} O-O {97}
5. c4 {265} c5 {341} 6. Nc3 {242} d6 {340} 7. Bd3 {296} e5 {1188} 8. O-O {629}
Qe7 {239} 9. Bc2 {832} Bg4 {458} 10. h3 {385} Bh5 {255} 11. g4 {427} Nxg4 {26}
12. hxg4 {9} Bxg4 {4} 13. Be4 {35} f5 {323} 14. Bd5+ {119} Kh8 {160} 15. Ne2 {
551} Nc6 {826} 16. Nh2 {657} Bh3 {118} 17. f4 {456} Bxf1 {279} 18. Qxf1 {25}
Nb4 {132} 19. Qg2 {159} e4 {113} 20. Bc3 {79} Rab8 {183} 21. a3 {152} Nxd5 {71}
22. cxd5 {7} b5 {23} 23. Qg5 {88} Qf7 {178} 24. Bxg7+ {212} Kxg7 {78} 25. Nc3 {
231} b4 {69} 26. Nxe4 {83} fxe4 {129} 27. Ng4 {86} Qf5 {131} 0-1

[Event "Championnat de France 2022"]
[Site "ALBI, France"]
[Date "2022.08.15"]
[Round "3.1"]
[White "Choiset, Arthur"]
[Black "Deladerriere, Calypso"]
[Result "0-1"]
[WhiteElo "1746"]
[BlackElo "1674"]
[PlyCount "60"]
[EventDate "2022.??.??"]

1. e4 {19} d5 {15} 2. exd5 {16} Qxd5 {9} 3. Nc3 {35} Qd6 {20} 4. d4 {116} a6 {
14} 5. Bc4 {221} b5 {36} 6. Qf3 {282} Nc6 {700} 7. Bxf7+ {1142} Kd7 {123} 8.
Nge2 {403} Bb7 {489} 9. Bf4 {176} Qf6 {236} 10. Qd5+ {627} Kc8 {98} 11. Bxg8 {
317} Nd8 {110} 12. Qb3 {264} e6 {63} 13. O-O-O {358} Rxg8 {763} 14. d5 {100} g5
{289} 15. Bg3 {203} b4 {270} 16. Ne4 {270} Qg6 {237} 17. Qc4 {656} Rg7 {249}
18. Nc5 {106} Bxd5 {155} 19. Rxd5 {81} exd5 {41} 20. Qxd5 {26} c6 {266} 21. Qc4
{126} Bxc5 {104} 22. Qxc5 {8} a5 {101} 23. Rd1 {65} Kb7 {140} 24. f3 {240} Ne6
{193} 25. Qc4 {104} Nc7 {389} 26. Rd6 {95} Qe8 {9} 27. Qd3 {71} Nb5 {91} 28.
Rh6 {29} Rd8 {79} 29. Qc4 {62} Qe3+ {22} 30. Kb1 {8} Rd1+ {7} 0-1

[Event "Championnat de France 2022"]
[Site "ALBI, France"]
[Date "2022.08.15"]
[Round "3.2"]
[White "Maurel, Thibaud"]
[Black "Vasselin, Louis"]
[Result "0-1"]
[WhiteElo "1675"]
[BlackElo "1716"]
[PlyCount "70"]
[EventDate "2022.??.??"]

1. e4 {5} e6 {6} 2. d4 {19} d5 {6} 3. Nc3 {75} dxe4 {8} 4. Nxe4 {43} Nd7 {7} 5.
g3 {217} Ngf6 {38} 6. Nxf6+ {23} Nxf6 {6} 7. Bg2 {129} c5 {73} 8. Nf3 {196} Be7
{190} 9. O-O {834} O-O {24} 10. Be3 {375} Nd5 {140} 11. Bd2 {134} Qb6 {100} 12.
c4 {369} Nf6 {47} 13. dxc5 {549} Bxc5 {33} 14. b4 {166} Be7 {332} 15. c5 {125}
Qd8 {64} 16. Ne5 {354} Nd5 {66} 17. Qc2 {269} Bf6 {153} 18. Rfe1 {8} Qc7 {67}
19. Bxd5 {78} Bxe5 {52} 20. Be4 {62} f5 {107} 21. Rad1 {24} fxe4 {14} 22. Qxe4
{9} Bf6 {20} 23. Bf4 {83} Qf7 {36} 24. Bd6 {223} Be7 {146} 25. f4 {455} Rd8 {
318} 26. Bxe7 {361} Qxe7 {5} 27. Rxd8+ {7} Qxd8 {3} 28. f5 {14} exf5 {711} 29.
Qc4+ {17} Kf8 {18} 30. c6 {228} bxc6 {192} 31. Qc5+ {76} Kf7 {52} 32. Qc4+ {55}
Qd5 {20} 33. Qf4 {205} Be6 {147} 34. Re5 {540} Qd1+ {55} 35. Kf2 {9} Rd8 {22}
0-1

[Event "Championnat de France 2022"]
[Site "ALBI, France"]
[Date "2022.08.15"]
[Round "3.3"]
[White "Greuthier, Alois"]
[Black "Grit, Yanis"]
[Result "1/2-1/2"]
[WhiteElo "1715"]
[BlackElo "1665"]
[PlyCount "56"]
[EventDate "2022.??.??"]

1. e4 {2} c5 {18} 2. Nf3 {5} d6 {26} 3. d4 {2} cxd4 {14} 4. Nxd4 {2} Nf6 {18}
5. Nc3 {1} a6 {9} 6. f3 {4} e6 {59} 7. Be3 {8} Nbd7 {128} 8. Qd2 {104} b5 {208}
9. a3 {7} Bb7 {38} 10. O-O-O {111} d5 {337} 11. exd5 {434} Nxd5 {55} 12. Nxd5 {
3} Bxd5 {9} 13. Nf5 {222} Nf6 {1312} 14. Bg5 {174} h6 {1235} 15. Bxf6 {6} Qxf6
{122} 16. Ne3 {186} Bxa3 {484} 17. Qd4 {54} Qxd4 {78} 18. Rxd4 {4} Bc5 {31} 19.
Nxd5 {104} Bxd4 {32} 20. Nc7+ {5} Ke7 {12} 21. Nxa8 {30} Rxa8 {10} 22. c3 {22}
Be3+ {201} 23. Kc2 {45} Rd8 {104} 24. Bd3 {6} Rd6 {272} 25. Rd1 {118} Kd7 {256}
26. Be2 {63} Rxd1 {24} 27. Bxd1 {1} Kc6 {116} 28. Kd3 {31} Bc1 {64} 1/2-1/2

[Event "Championnat de France 2022"]
[Site "ALBI, France"]
[Date "2022.08.15"]
[Round "3.4"]
[White "Milojevic-Daim, Lola-Shaina"]
[Black "Maurel, Jean-Louis"]
[Result "1-0"]
[WhiteElo "1671"]
[BlackElo "1687"]
[PlyCount "75"]
[EventDate "2022.??.??"]

1. f4 {6} d5 {13} 2. Nf3 {21} c5 {10} 3. g3 {19} Nc6 {20} 4. Bg2 {39} g6 {68}
5. O-O {52} Bg7 {8} 6. d3 {24} Nf6 {227} 7. c3 {198} Qb6 {361} 8. Qe1 {470} d4
{341} 9. Na3 {538} Be6 {186} 10. c4 {159} O-O {87} 11. h3 {207} Rae8 {74} 12.
g4 {311} Bd7 {166} 13. Ne5 {578} Bc8 {204} 14. Nxc6 {362} bxc6 {7} 15. Qf2 {239
} e5 {115} 16. e4 {672} exf4 {481} 17. Bxf4 {67} Re6 {13} 18. Rfb1 {598} Nd7 {
48} 19. Nc2 {149} Be5 {29} 20. Bh6 {190} Bg7 {471} 21. Bxg7 {264} Kxg7 {8} 22.
b4 {64} Rf6 {246} 23. Qg3 {370} Re6 {217} 24. Qf2 {231} Rf6 {104} 25. Qg3 {40}
cxb4 {246} 26. Nxb4 {82} Qc5 {34} 27. g5 {189} Re6 {69} 28. h4 {33} Ne5 {84}
29. Bh3 {61} Ree8 {100} 30. Bxc8 {38} Rxc8 {7} 31. a3 {58} f6 {32} 32. Rf1 {31}
fxg5 {58} 33. hxg5 {8} a5 {26} 34. Nc2 {24} Nxc4 {12} 35. dxc4 {29} d3+ {10}
36. Ne3 {16} Rxf1+ {15} 37. Rxf1 {7} Rd8 {38} 38. Qc7+ {35} 1-0

[Event "Championnat de France 2022"]
[Site "ALBI, France"]
[Date "2022.08.15"]
[Round "3.5"]
[White "Emmanuel, Aurelien"]
[Black "Bourgoin, Cecile"]
[Result "0-1"]
[WhiteElo "1602"]
[BlackElo "1679"]
[PlyCount "70"]
[EventDate "2022.??.??"]

1. e4 {2} e6 {313} 2. Nf3 {13} d5 {7} 3. Nc3 {5} Nf6 {16} 4. e5 {8} Nfd7 {9} 5.
d4 {5} c5 {6} 6. Bg5 {20} Qb6 {40} 7. dxc5 {83} Bxc5 {16} 8. Qd2 {13} Nc6 {65}
9. O-O-O {50} Qa5 {107} 10. Bb5 {513} Bb4 {239} 11. Bxc6 {123} bxc6 {50} 12.
Rhe1 {668} c5 {400} 13. Qe3 {1117} d4 {1424} 14. Nxd4 {99} cxd4 {9} 15. Rxd4 {
307} Bc5 {449} 16. Qf3 {758} Bxd4 {141} 17. Qxa8 {24} O-O {12} 18. Be7 {108}
Re8 {127} 19. Qc6 {104} Qb6 {458} 20. Qxb6 {45} axb6 {45} 21. Bd6 {179} Bxf2 {
197} 22. Re2 {6} Bc5 {151} 23. a4 {87} Ba6 {43} 24. Nb5 {104} Bxb5 {38} 25.
axb5 {6} Bxd6 {82} 26. exd6 {4} Rd8 {54} 27. c4 {59} Nc5 {70} 28. b4 {20} Nb7 {
11} 29. c5 {225} bxc5 {269} 30. bxc5 {7} Nxc5 {28} 31. Rc2 {4} Nb7 {64} 32. d7
{7} Rxd7 {47} 33. Rc8+ {7} Rd8 {4} 34. Rc7 {6} Rb8 {72} 35. b6 {16} Kf8 {38}
0-1